000 00458nam a2200181Ia 4500
008 191130s2007##################000#0#eng##
020 _a9781591026013
022 _a2007001608
040 _aACL
_cACL
082 _a813.6 KEN
100 _aKenyon, Kay
245 _aBright of the sky
_cKay Kenyon
260 _aAmherst, NY
_bPyr
_c2007
300 _a453 p. ; 24 cm.
990 _a775ecba8ac10000c419e6f5bbf553f12
991 _a316559
999 _c249007
_d249007